Basın konseyi ve basının sorunları (Record no. 2905)

MARC details
000 -BAŞLIK
Sabit Uzunlukta Kontrol Alanı 00815na a2200253 4500
001 - KONTROL NUMARASI
Denetim Alanı 23651
003 - KONTROL NUMARASI IDENTIFIER
Denetim Alanı MIRAKIL
005 - SON İŞLEM TARİHİ VE ZAMANI
Denetim Alanı 20181213154913.0
008 - SABİT-BOY VERİ ELEMANLARI - GENEL BİLGİLER
Sabit Uzunlukta Kontrol Alanı 180103b tu 000 0
040 ## - KATALOGLAMA KAYNAK
Orijinal Kataloglama Ajansı Milas
Kataloglama Dili tur
Metne Dönüştürmek Ajansı TR-AnCHP
041 ## - DİL KODU
Metin / Ses Parça Veya Ayrı Başlığın Dil Kodu tur
082 ## - DEWEY ONLU SINIFLANDIRMA NUMARASI
Sınıflandırma Numarası 070
Ürün Numarası B27 1986
090 ## - SINIFLAMA NUMARASI
Sınıflama Numarası 070 B27 1986
111 ## - ANA GİRİŞ - TOPLANTI ADI
Giriş Elemanı Olarak Toplantı Adı Veya Yargı Alanı Adı Basın konseyi ve basının sorunları
Toplantının Yeri Ankara
Toplantı Veya Antlaşma İmzalandığı Tarihi 05.07.1986
245 ## - BAŞLIK TABLOSU
Başlık Basın konseyi ve basının sorunları
Sorumluluk Tablosu, Vb Parlamento Muhabirleri Derneği
260 ## - YAYIN, DAĞITIM, VB
Yayın, Dağıtım, Vb Yeri Ankara
Yayıncı, Dağıtıcı, Vs Adı Parlamento Muhabirleri Derneği
Yayın, Dağıtım, Vb Tarihi 1986
300 ## - FİZİKSEL TANIM
Kapsam 79 s.
Boyutlar 23 sm.
440 ## - SERİSİ TABLOSU / KATMA GİRİŞİ - BAŞLIK
Başlık PMD yayınları
Hacim / Ardışık Tanımı 2
500 ## - GENEL NOT
Genel Not Dış kapakta yapıt adı: Basın özgürlüğü ve basın konseyi
650 ## - KONU KATMA GİRİŞ - TOPİKAL DÖNEM
Topikal Süreli Veya Coğrafi Ad Giriş Elemanı Basın
Genel Alt Bölümü Türkiye
Kronolojik Alt Bölümü Sorunlar
650 ## - KONU KATMA GİRİŞ - TOPİKAL DÖNEM
Topikal Süreli Veya Coğrafi Ad Giriş Elemanı Basın özgürlüğü
700 ## - KATMA GİRİŞ - KİŞİSEL İSİM
Kişisel Ad Çağdaş Gazeteciler Derneği
942 ## - EKLENDİ GİRİŞ ELEMANLARI (KOHA)
Sınıflandırma Veya Raf Düzeni Kaynak Dewey Decimal Classification
Koha Öğesi Türü Books
999 ## - SİSTEM KONTROL NUMARALARI (KOHA)
Koha Biblionumber 2905
Koha Biblioitemnumber 2905
Holdings
Kalıcı Konum Mevcut Konum Edinme Tarihi Edinim Kaynak Toplam Check-Out'Lar Tam Çağrı Numarası Barkod Tarih Son Görülme İtibaren Geçerli Fiyatlar Koha Öğesi Türü
CHP Kütüphanesi CHP Kütüphanesi 11/17/2017 Bağış   070 B27 1986 017641 11/17/2017 11/17/2017 Books